| 000 | 00735nam a2200277Ia 4500 | ||
|---|---|---|---|
| 001 | Z_3072 | ||
| 003 | CHAP | ||
| 008 | 220113s1973 xx 000 0 und d | ||
| 010 | _a166162 | ||
| 040 | _cCHAP | ||
| 082 | _a633.2 G6y | ||
| 100 |
_aGonzález, Martín H. _949537 |
||
| 245 |
_aRendimiento del pastizal / _cpor Martín H. González y Robert S. Campbell |
||
| 260 |
_aMéxico, D. F. : _bPax-México, _c1973 |
||
| 300 |
_a354 p. : _bilus. |
||
| 440 | _a | ||
| 500 | _atrad. De : 69 articulos del Journal of Range management | ||
| 503 | _a | ||
| 650 |
_aPastizales _x _xManejo I. Campbell, Robert S. _9140230 |
||
| 901 | _a633.2 G6y | ||
| 902 | _aA | ||
| 910 | _a1973 | ||
| 942 | _c1 | ||
| 942 | _cc1 | ||
| 999 |
_c166162 _d166162 |
||